000 00387nam a22001217a 4500
082 _a220 PRO
100 _aAHMED,GHULAM DASTAGIR,SOHAIL,SALMAN,
_972466
245 _aPR-SOF-1192-IMPLEMENTATION OF IMAGE DEBLURRING USING OPTICAL CHANNEL EQUALIZATION IN FPGA
260 _aISLAMABAD
_bNUST COLLEGE OF EME
_c2012
650 _a DE-ELECT-30
700 _aDR BILAL MALIK
_971940
942 _cCR
999 _c578488
_d578488